000 00525nam a22001457a 4500
005 20160307082725.0
008 160302b xxu||||| |||| 00| 0 eng d
050 _aBX1855.C3Q1
100 _aCongregation For Catholic Education
_922682
245 _aQuality culture:
_ba handbook for ecclesiastical faculties
_cby Congregation For Catholic Education
260 _aRome
_bCongregation For Catholic Education
_c2012
300 _aix, 227p.;
_c21cm.
650 _aCatholic Church
_xEducation
_922683
942 _2lcc
_cMONOGRAPH
999 _c124285
_d124285